000 00341nam a22001457a 4500
020 _a81-7515-322-9
041 _aENG
100 _aMascetta.J.A
245 _aHow To Prepare For The Sat II Chemistry
250 _a6TH ED
260 _aDelhi
_bGalgotia Pub
_c1998
300 _a352
650 _aCompetitive Exam
856 _uCompetitive Exam
999 _c547
_d547